| 000 | 00978cab a2200277 4500 | ||
|---|---|---|---|
| 001 | ABS48760 | ||
| 008 | 090401t1993 xxu||||| |||| 00| 0 eng d | ||
| 035 | _a(Sirsi) u68441 | ||
| 041 | _aeng | ||
| 245 | _aDesign and build | ||
| 260 | _c1993 | ||
| 350 | _a0 | ||
| 490 |
_aNew Builder _v(178) 11 June 1993, 19-44(16) |
||
| 520 | _aA feature on the increasingly preferred design and build method. Reports on the building of student accommodation, an hotel and a theatre in Wales demonstrate the versatility of D&B. A list of design and build contractors, their share of work and turnover is provided. | ||
| 650 | _aBLACKPOOL | ||
| 650 | _aBODDINGTON GROUP | ||
| 650 | _aBUILT ENVIRONMENT-BUILDING CONTRACT FORMS | ||
| 650 | _aDESIGN AND BUILD | ||
| 650 | _aJOHN MOWLEM CONSTRUCTION | ||
| 650 | _aPODS | ||
| 650 | _aPREFABRICATION | ||
| 650 | _aWIMPEY CONSTRUCTION | ||
| 690 | _aBUILT ENVIRONMENT-BUILDING CONTRACT FORMS | ||
| 942 | _n0 | ||
| 948 | _c04/03/1997 | ||
| 999 |
_c42942 _d42942 |
||